000
00231nam a2200097Ia 4500
008
201217s9999 xx 000 0 und d
100
_a
Kher, Manik
245
0
_a
Conciliation and Adjudication Today
260
_a
Pune
_b
TFR
942
_c
BK
999
_c
7250
_d
7250